| 000 | 00525 a2200157 4500 | ||
|---|---|---|---|
| 999 |
_c3931 _d3931 |
||
| 020 | _a0304337986 | ||
| 050 | _aLB1727REA1998 | ||
| 100 | _aedited by Pollard,Andrew | ||
| 245 |
_aReadings for reflective teaching in the primary school/ _cedited by Andrew Pollard |
||
| 264 |
_aLondon : _bCassell, _c1998 |
||
| 300 | _a396p. : | ||
| 500 | _aincludes index | ||
| 650 | _a Elementary school teaching -- Great Britain. | ||
| 650 | _aElementary school teachers -- Self-rating of -- Great Britain. | ||
| 942 |
_2lcc _cBK _h1727 _iREA _kLB |
||